000 00757cam a2200277 4500
001 J65615
008 000000n2002 000 0 eng u
035 _a(Sirsi) u117190
041 _aeng
050 _a333.33016
110 _aInvestment Property Databank
_92288
245 _aIPD UK monthly index - January - December 2002
260 _aLondon
_bIPD
_c2002
300 _a12 pt. ; 30cm.
520 _aAvailable on the IPD website www.ipdindex.co.uk
650 _aCAPITAL VALUES
650 _aINDUSTRIAL PROPERTY
650 _aOFFICES
650 _aPROPERTY INDICES
650 _aRENTS
650 _aRETAIL PROPERTY
650 _aYIELDS
690 _aPROPERTY-COMMERCIAL PROPERTY
856 _uhttps://www.ipdindex.co.uk
942 _n0
999 _c101951
_d101951